000 00539nam a2200181 a 4500
005 20210219152858.0
008 991125n 000 0 spa u
035 _aUPN01000064857
100 1 _aMendoza, Cristina
222 0 _aEDUCACION : REVISTA DEL CONSEJO NACIONAL TECNICO DE LA EDUCACION
245 0 0 _aArte público e interacción artística
300 _a56-59
362 0 _a1977 4a época, Vol. 5, no. 26, jul.-ago.
653 0 _aCULTURA POPULAR
653 0 _aLITERATURA MEXICANA
904 _aAC
_b002668
905 _aArticulo
999 _c62776
_d62776